000 00622nam a2200205Ia 4500
008 240729s9999 xx 000 0 und d
022 _a2059-0105
245 0 _anpj Vaccines
260 _aUnited Kingdom
260 _bNature Portfolio
650 _a Immunologic diseases. Allergy | Medicine
650 _a Internal medicine
650 _a Internal medicine
650 _a Neoplasms. Tumors. Oncology. Including cancer and carcinogens
650 _a Specialties of internal medicine
650 _aMedicine
856 _uhttps://doaj.org/toc/894c61d4d8914dc3b1b501b35d5a18fc
942 _2ddc
942 _cDOAJEJ
999 _c74510
_d74510
945 _a1
_bMadushi Gamage
_c1
_dMadushi Gamage